| 000 | 01052nam a2200301Ia 4500 | ||
|---|---|---|---|
| 005 | 20251020182452.0 | ||
| 008 | 200515s9999 xx 000 0 und d | ||
| 020 | _a84-329-6908-7 | ||
| 082 | _a621.314.6/O56-R | ||
| 100 | _aOños Prados, Enrique | ||
| 100 | _aRuiz Vasallo, Francisco | ||
| 245 | 0 | _aElectrónica para electricistas : Rectificadores / Onduladores | |
| 250 | _a2a ed. | ||
| 260 | _aBarcelona | ||
| 260 | _bCEAC | ||
| 260 | _c1980 | ||
| 300 | _a232 p. | ||
| 300 | _bil., tbl., graf. | ||
| 490 | _aBiblioteca ceac de electricidad | ||
| 500 | _a1 ejemplar | ||
| 520 | _aElectrónica para electricistas. Dentro de la colección de Electricidad, está dedicada a un estudio completo de los equipos rectificadores y onduladores. La obra completa los conocimientos desarrollados en el tomo primero en el que se estudian los componen | ||
| 650 | _aELECTRICIDAD | ||
| 650 | _aELECTRONICA | ||
| 650 | _aONDULADORES DE CORRIENTE ELECTRICA | ||
| 650 | _aRECTIFICADORES DE CORRIENTE ELECTRICA | ||
| 942 | _cLIB | ||
| 999 |
_c889 _d889 |
||